000 00452nam a2200181Ia 4500
001 1556
005 20260306143737.0
008 260306t2008||||xx |||||||||||||| ||spa||
041 _aESP
082 _a150.9
_bS54
100 _aSilva Díaz, Belizardo
_eAUT
245 0 _aHistoria de la psicología contemporánea:
_b(compendio)
260 _c2008
300 _a168 páginas :
_c28 cm.
650 _aGEN
654 _aCPS
942 _cLIB
_dJUS
_fJUS
_2ddc
_n
999 _c1556
_d1556